000 00524nam a22001817a 4500
005 20241113155107.0
008 241113b |||||||| |||| 00| 0 eng d
020 _a9780749913786
041 _aEng
082 _a133.901 WEI
100 _aWeiss, Brian
245 _aMany Lives Many Masters: The True Story of a Prominent Psychiatrist
260 _aNew York
_bSimon & Schuster
_c2020
300 _a210;. P. 21 Cm
365 _aRS
_b279
_cRupees
650 _aCatherine; Reincarnation; Reincarnation Therapy
942 _cBK
999 _c43143
_d43143